[Event "extreme weather chess tournament"]
[Site "SchemingMind.com"]
[Date "2014.02.24"]
[Round "-"]
[White "jpetric"]
[Black "lemme howdt"]
[Result "1-0"]
[WhiteCountry "USA"]
[BlackCountry "USA"]
[WhiteElo "1487"]
[WhiteRD "83"]
[BlackElo "1630"]
[BlackRD "75"]
[GameID "348558"]

1. e4 e5 2. Nf3 Nc6 3. Bc4 Bc5 4. d3 Nf6 5. Nc3 d6 6. Nd5 O-O 7. Bg5 Bg4 8. h3 Bxf3 9. Qxf3 Nd4 10. Qd1 c6
11. Nxf6+ gxf6 12. Bh4 b5 13. Bb3 Nxb3 14. axb3 d5 15. exd5 cxd5 16. Qg4+ Kh8 17. Qf5 Be7 18. g4 d4 19. g5 fxg5 20. Bg3 f6
21. h4 Rf7 22. hxg5 Qg8 23. gxf6 Rxf6 24. Qxe5 Re8 25. O-O-O Qg6 26. Bh4 a6 27. Qxd4 Rd8 28. Bxf6+ Bxf6 29. Qe3 Bg5 30. f4 Re8
31. Qf2 Rf8 32. Qd4+ Bf6 33. Qc5 Qe8 34. Rde1 Qf7 35. Re3 Rd8 36. Reh3 Kg8 37. Rxh7 Qxh7 38. Rxh7 Kxh7 39. Qf5+ Kg7 40. Qe6 a5
41. Qg4+ Kf8 42. f5 Rd4 43. Qf3 Bg5+ 44. Kd1 Rd8 45. f6 Kf7 46. Qb7+
1-0

[Event "extreme weather chess tournament"]
[Site "SchemingMind.com"]
[Date "2014.03.18"]
[Round "-"]
[White "shaqattack"]
[Black "Holty"]
[Result "0-1"]
[WhiteCountry "ENG"]
[BlackCountry "ENG"]
[WhiteElo "1524"]
[WhiteRD "69"]
[BlackElo "1736"]
[BlackRD "60"]
[GameID "351489"]

1. e4 e6 2. d4 d5 3. e5 c5 4. Nf3 Nc6 5. Bb5 Qb6 6. Bxc6+ bxc6 7. O-O cxd4 8. Nxd4 c5 9. Nf3 Be7 10. Re1 f6
11. c3 fxe5 12. Nxe5 Nf6 13. b3 O-O 14. Bg5 Bd6 15. Bxf6 Rxf6 16. Ng4 Rf8 17. Nd2 Qc7 18. Nf3 Rf5 19. c4 Bd7 20. Rc1 Rh5
21. cxd5 Rxd5 22. Qc2 Re8 23. Ng5 Rxg5 24. Qc4 Kh8 25. Rcd1 h5 26. Ne3 Bxh2+ 27. Kf1 Qb7 28. Qh4 Bb5+ 29. Nc4 Qxg2+ 30. Ke2 Bxc4+
31. bxc4 Re5+ 32. Kd2 Qg5+ 33. Qxg5 Rxg5 34. Kc2 Rg4 35. Kb3 Rd4 36. Rxd4 cxd4 37. Kb4 Rb8+ 38. Kc5 e5 39. a4 g6 40. f3 Bf4
41. Rg1 Kh7 42. a5 h4 43. Rh1 g5 44. a6 Rb6 45. Ra1 Rb3 46. Rf1 d3 47. Rd1 d2 48. Kd5 Rc3 49. Kc6 Rc1
0-1

[Event "extreme weather chess tournament"]
[Site "SchemingMind.com"]
[Date "2014.03.18"]
[Round "-"]
[White "Holty"]
[Black "shaqattack"]
[Result "1-0"]
[WhiteCountry "ENG"]
[BlackCountry "ENG"]
[WhiteElo "1736"]
[WhiteRD "60"]
[BlackElo "1524"]
[BlackRD "69"]
[GameID "351490"]

1. d4 Nf6 2. Nf3 e6 3. e3 Be7 4. Bd3 h6 5. Nbd2 O-O 6. O-O a6 7. Re1 Nc6 8. c3 b5 9. b3 Bb7 10. e4 Ne8
11. Nf1 d6 12. N1d2 d5 13. a3 dxe4 14. Nxe4 Nf6 15. Bf4 Nxe4 16. Bxe4 Na5 17. Bxb7 Nxb7 18. b4 Bd6 19. Be5 Bxe5 20. Nxe5 Nd6
21. Qd3 Qe8 22. Re2 Nc4 23. Nxc4 bxc4 24. Qxc4 Ra7 25. Qb3 c6 26. c4 Qe7 27. Qf3 Rc8 28. Rd1 Rd7 29. Red2 Kf8 30. d5 cxd5
31. cxd5 Rxd5 32. Rxd5 exd5 33. Qxd5 Ke8 34. Kf1 Kf8 35. Re1 Qf6 36. Qe5 Qxe5 37. Rxe5 Rc1+ 38. Ke2 Rc2+ 39. Kf3 Rc3+ 40. Re3 Rc2
41. Ke4 Ke7 42. Kd3+
1-0

[Event "extreme weather chess tournament"]
[Site "SchemingMind.com"]
[Date "2014.03.26"]
[Round "-"]
[White "John Hamer"]
[Black "Kenny Elliott"]
[Result "1-0"]
[WhiteCountry "ENG"]
[BlackCountry "USA"]
[WhiteElo "2076"]
[WhiteRD "64"]
[BlackElo "1566"]
[BlackRD "80"]
[GameID "351865"]

1. d4 d5 2. Nf3 Nf6 3. c4 g6 4. Nc3 Bg7 5. Qb3 dxc4 6. Qxc4 Be6 7. Qb5+ Nbd7 8. e4 O-O 9. Qxb7 Nb6 10. Bf4 Rc8
11. Qxa7 Bg4 12. Be2 Bxf3 13. Bxf3 Ne8 14. O-O Bxd4 15. Rfd1 c5 16. e5 e6 17. Nb5 Bxf2+ 18. Kxf2 Qh4+ 19. Bg3 Qb4 20. Qxb6 Qxb2+
21. Be2 Ng7 22. Rab1 Qxa2 23. Nd6 Ra8 24. Ra1 Qc2 25. Rac1 Qa4 26. Qxc5 Nh5 27. Bb5 Qg4 28. Rd4 Ra2+ 29. Kg1 Qg5 30. Ne4 Qf5
31. Rf1
1-0

[Event "extreme weather chess tournament"]
[Site "SchemingMind.com"]
[Date "2014.03.26"]
[Round "-"]
[White "Kenny Elliott"]
[Black "John Hamer"]
[Result "0-1"]
[WhiteCountry "USA"]
[BlackCountry "ENG"]
[WhiteElo "1566"]
[WhiteRD "80"]
[BlackElo "2076"]
[BlackRD "64"]
[GameID "351866"]

1. d4 d5 2. c4 Nf6 3. Nf3 e6 4. Bg5 Be7 5. Nc3 c6 6. c5 Nbd7 7. e3 O-O 8. Bd3 h6 9. Bh4 Re8 10. O-O Ng4
11. h3 Nxe3 12. Bxe7 Nxd1 13. Bxd8 Nxb2 14. Ba5 Nxd3 15. Rab1 e5 16. Rfd1 exd4 17. Nxd4 N7xc5 18. Bb4 Nxb4 19. Rxb4 Na6 20. Rbb1 Rb8
21. Nf3 Bf5 22. Rbc1 Nc5 23. Rd2 Nd3 24. Rcd1 Nf4 25. Kh2 Bg6 26. g3 Ne6 27. Re1 b5 28. a3 a5 29. Ne5 Ng5 30. Re3 Rxe5
31. Kg2 Rxe3 32. fxe3 Re8 33. Re2 b4 34. axb4 axb4 35. Na4 Be4+ 36. Kh2 Nf3+ 37. Kg2 Nd4+
0-1

[Event "extreme weather chess tournament"]
[Site "SchemingMind.com"]
[Date "2014.04.07"]
[Round "-"]
[White "jpetric"]
[Black "Sully7"]
[Result "0-1"]
[WhiteCountry "USA"]
[BlackCountry "IRL"]
[WhiteElo "1469"]
[WhiteRD "75"]
[BlackElo "2133"]
[BlackRD "62"]
[GameID "354499"]

1. e4 b6 2. d4 Bb7 3. Nc3 e6 4. Nf3 Bb4 5. Bd2 Bxc3 6. Bxc3 Bxe4 7. g3 Nf6 8. Bg2 Nc6 9. O-O O-O 10. Ng5 Bxg2
11. Kxg2 h6 12. Nf3 a5 13. a4 d6 14. Re1 Qd7 15. b3 Rfe8 16. Bb2 Rad8 17. c3 e5 18. d5 Ne7 19. c4 c6 20. Bc3 cxd5
21. b4 axb4 22. Bxb4 dxc4 23. Nd2 Nc6 24. Bc3 d5 25. Nf3 d4 26. Bd2 e4 27. Ng1 c3 28. Bf4 d3 29. Be3 c2 30. Qd2 Nd5
31. f3 exf3+ 32. Nxf3 Nxe3+ 33. Rxe3 Rxe3 34. Qxe3 d2 35. Nxd2 Qxd2+ 36. Qxd2 Rxd2+ 37. Kh3 Rd1 38. Rxd1 cxd1=Q
0-1

[Event "extreme weather chess tournament"]
[Site "SchemingMind.com"]
[Date "2014.04.07"]
[Round "-"]
[White "Sully7"]
[Black "jpetric"]
[Result "1-0"]
[WhiteCountry "IRL"]
[BlackCountry "USA"]
[WhiteElo "2133"]
[WhiteRD "62"]
[BlackElo "1469"]
[BlackRD "75"]
[GameID "354500"]

1. b3 e5 2. Bb2 Nc6 3. e3 d5 4. Bb5 Qd6 5. Qh5 g6 6. Qxe5+ Qxe5 7. Bxe5 f6 8. Bxc7 Bd7 9. Nf3 Bg7 10. Nc3 Nge7
11. O-O-O a6 12. Bxc6 Bxc6 13. Nd4 Rc8 14. Nxc6 bxc6 15. Bd6 Rd8 16. Bxe7 Kxe7 17. d4 Kd6 18. Kb2 Rb8 19. h4 f5 20. h5 g5
21. h6 Bf6 22. Na4 c5 23. Nxc5 a5 24. a4 g4 25. Rh5 Be7 26. Rxf5 Rhf8 27. Re5 Rf7 28. e4 Rf6 29. Rxd5+ Kc6 30. Nd7 Rxb3+
31. Kxb3 Rxf2 32. Ne5+ Kc7 33. Rd7+ Kc8 34. Rxe7 Rxg2 35. Nc6 g3 36. d5 Rf2 37. d6 g2 38. Rc7#
1-0

[Event "extreme weather chess tournament"]
[Site "SchemingMind.com"]
[Date "2014.04.14"]
[Round "-"]
[White "rookie31"]
[Black "Erhaem"]
[Result "1-0"]
[WhiteCountry "IND"]
[BlackCountry "NED"]
[WhiteElo "2156"]
[WhiteRD "62"]
[BlackElo "1669"]
[BlackRD "116"]
[GameID "356644"]

1. d4 d5 2. c4 Nf6 3. cxd5 Nxd5 4. e4 Nb6 5. Nc3 e6 6. Nf3 Be7 7. Be2 O-O 8. O-O Nc6 9. Be3 f6 10. a3 Na5
11. Qc2 Nac4 12. Bf4 c6 13. Rad1 Nd6 14. Rfe1 f5 15. exf5 Nd5 16. Bxd6 Qxd6 17. fxe6 Bxe6 18. Bd3 h6 19. Bc4 Kh8 20. Ne5 Bf5
21. Qb3 Nxc3 22. bxc3 Qxa3 23. Qxb7 Bf6 24. Qb4 Qxb4 25. cxb4 Rac8 26. Nf7+ Kh7 27. Nd6 Bg4 28. Bd3+ Kh8 29. Nxc8 Bxd1 30. Ne7 Bxe7
31. Rxe7 Bb3 32. Rxa7 Rd8 33. Bg6 Bg8 34. f4 Bh7 35. f5 Bg8 36. Kf2 Rxd4 37. Ra8 Rd2+ 38. Ke3 Rd7 39. Be8 Re7+ 40. Kd4 Rb7
41. g4 Rxb4+ 42. Ke5 Rb5+ 43. Kd6 Rb7 44. Kxc6 Re7 45. Kd6 Rb7 46. Bc6 Rb6 47. Kc7 Rxc6+ 48. Kxc6 Kh7 49. Rxg8 Kxg8 50. h4 Kf7
51. Kd7 Kf6 52. Ke8 g6 53. fxg6 Kxg6 54. h5+ Kg5 55. Kf7 Kxg4 56. Kg6
1-0

[Event "extreme weather chess tournament"]
[Site "SchemingMind.com"]
[Date "2014.04.15"]
[Round "-"]
[White "Erhaem"]
[Black "rookie31"]
[Result "0-1"]
[WhiteCountry "NED"]
[BlackCountry "IND"]
[WhiteElo "1669"]
[WhiteRD "116"]
[BlackElo "2156"]
[BlackRD "62"]
[GameID "356645"]

1. d4 Nf6 2. Nf3 d5 3. Bg5 e6 4. e3 c5 5. Nbd2 Nbd7 6. Be2 cxd4 7. O-O dxe3 8. Bxe3 e5 9. Bb5 a6 10. Bxd7+ Nxd7
11. Nb3 e4 12. Nfd2 Ne5 13. f3 f5 14. Bd4 Nc6 15. fxe4 dxe4 16. Bc3 h5 17. Nc4 Be6 18. Qe2 Qc7 19. Rad1 Rd8 20. Rfe1 Rxd1
21. Rxd1 Nb4 22. Ne3 Nxa2 23. Ba5 Qe5 24. Nc4 Qb5 25. Nd6+ Bxd6 26. Qxb5+ axb5 27. Rxd6 Ke7 28. Rb6 Bxb3 29. cxb3 b4 30. Rxb7+ Kf6
31. Rb6+ Ke5 32. Rb5+ Ke6 33. Rb6+ Kf7 34. Bxb4 Nxb4 35. Rxb4 Rd8 36. Rb5 Ke6 37. Kf1 Rd1+ 38. Ke2 Rb1 39. Rb6+ Ke5 40. Rb5+ Kf4
41. g3+ Kg5 42. Rb6 Rxb2+ 43. Ke3 Rxh2 44. Rb7 g6 45. b4 Rg2 46. b5 Rxg3+ 47. Kd4 Rb3 48. Rb8 e3 49. b6 Kf4 50. Kc5 e2
51. Re8 Kf3 52. Kc6 h4 53. b7 h3 54. Rh8 Kg4
0-1

[Event "extreme weather chess tournament"]
[Site "SchemingMind.com"]
[Date "2014.04.16"]
[Round "-"]
[White "mmccaffe"]
[Black "poisonpawn1"]
[Result "0-1"]
[WhiteCountry "USA"]
[BlackCountry "ENG"]
[WhiteElo "1686"]
[WhiteRD "58"]
[BlackElo "1706"]
[BlackRD "80"]
[GameID "356732"]

1. e4 d6 2. d4 Nf6 3. Nc3 Bg4 4. f3 Bc8 5. Be3 Nc6 6. Qd2 e6 7. Nge2 Be7 8. O-O-O O-O 9. g4 Nd7 10. h4 Nb6
11. g5 Nc4 12. Qd3 d5 13. e5 Nb4
0-1

[Event "extreme weather chess tournament"]
[Site "SchemingMind.com"]
[Date "2014.04.17"]
[Round "-"]
[White "poisonpawn1"]
[Black "mmccaffe"]
[Result "1-0"]
[WhiteCountry "ENG"]
[BlackCountry "USA"]
[WhiteElo "1794"]
[WhiteRD "76"]
[BlackElo "1676"]
[BlackRD "58"]
[GameID "356733"]

1. e4 c5 2. Nf3 d6 3. Bc4 e6 4. O-O Nc6 5. Nc3 a6 6. d4 cxd4 7. Nxd4 Nf6 8. Bb3 Be7 9. Be3 O-O 10. f4 Qc7
11. Qf3 Na5 12. g4 Nxb3 13. cxb3 b5 14. Rac1 Qd7 15. g5 Ne8 16. Qg3 b4 17. Na4 Bb7 18. Nb6 Qd8 19. Nxa8 Qxa8 20. f5 e5
21. f6 Bd8 22. Nf5 Bxe4 23. fxg7
1-0

[Event "extreme weather chess tournament"]
[Site "SchemingMind.com"]
[Date "2014.05.10"]
[Round "-"]
[White "Hisjazzrabbit"]
[Black "kenneth m day"]
[Result "1-0"]
[WhiteCountry "FRA"]
[BlackCountry "USA"]
[WhiteElo "1757"]
[WhiteRD "87"]
[BlackElo "1741"]
[BlackRD "52"]
[GameID "357981"]

1. e4 e5 2. f4 exf4 3. Nf3 g5 4. h4 g4 5. Ne5 d6 6. Nxg4 Nf6 7. Nxf6+ Qxf6 8. Nc3 Nc6 9. Bb5 Bd7 10. Nd5 Qd8
11. d3 a6 12. Ba4 Bh6 13. Qh5 Bg7 14. Bxf4 Ne7 15. Bg5 Bxa4 16. Bxe7 Qc8 17. Rf1 Bxb2 18. Qxf7+ Kd7 19. Bf6+ Kc6 20. Ne7+ Kb6
21. Nxc8+ Raxc8 22. Bxb2 Bxc2 23. Qf2+
1-0

[Event "extreme weather chess tournament"]
[Site "SchemingMind.com"]
[Date "2014.05.10"]
[Round "-"]
[White "kenneth m day"]
[Black "Hisjazzrabbit"]
[Result "0-1"]
[WhiteCountry "USA"]
[BlackCountry "FRA"]
[WhiteElo "1741"]
[WhiteRD "52"]
[BlackElo "1757"]
[BlackRD "87"]
[GameID "357982"]

1. e4 e5 2. Nf3 Nc6 3. c3 d5 4. Qa4 Qd6 5. exd5 Qxd5 6. Bc4 Qe4+ 7. Kd1 Qg4 8. Re1 Bd6 9. d4 Qxg2 10. Be2 Bd7
11. Be3 Nxd4 12. Qxd7+ Kxd7 13. cxd4 e4 14. Rg1 exf3 15. Rxg2 fxg2 16. f3 Bxh2 17. Kc2 Re8 18. Kd3 Rxe3+ 19. Kxe3 g1=Q+ 20. Kd3 Qc1
0-1

[Event "extreme weather chess tournament"]
[Site "SchemingMind.com"]
[Date "2014.06.28"]
[Round "-"]
[White "Scooter"]
[Black "lordstripes"]
[Result "0-1"]
[WhiteCountry "USA"]
[BlackCountry "ENG"]
[WhiteElo "1759"]
[WhiteRD "45"]
[BlackElo "1976"]
[BlackRD "101"]
[GameID "360401"]

1. d4 Nf6 2. Nf3 e6 3. Bg5 h6 4. Bxf6 Qxf6 5. e3 b6 6. Be2 Bb7 7. O-O Be7 8. Nbd2 O-O 9. c4 d6 10. h3 Nd7
11. Rc1 c5 12. b3 d5 13. dxc5 Bxc5 14. cxd5 Bxd5 15. Bc4 Bb7 16. Qc2 Ne5 17. Nxe5 Qxe5 18. Qd1 Rfd8 19. Qe2 Rxd2 20. Qxd2 Qe4
0-1

[Event "extreme weather chess tournament"]
[Site "SchemingMind.com"]
[Date "2014.06.28"]
[Round "-"]
[White "lordstripes"]
[Black "Scooter"]
[Result "1-0"]
[WhiteCountry "ENG"]
[BlackCountry "USA"]
[WhiteElo "1976"]
[WhiteRD "101"]
[BlackElo "1759"]
[BlackRD "45"]
[GameID "360402"]

1. d4 Nf6 2. c4 g6 3. Nc3 Bg7 4. e4 d6 5. Nf3 Bg4 6. Be2 O-O 7. Be3 Nbd7 8. O-O Bxf3 9. Bxf3 Re8 10. Qd2 e5
11. d5 a6 12. Be2 Nc5 13. f3 Rb8 14. b4 Ncd7 15. c5 Bf8 16. cxd6 Bxd6 17. a3 Qe7 18. Rfc1 c5 19. dxc6 bxc6 20. Bxa6 Ra8
21. Bb7
1-0

[Event "extreme weather chess tournament"]
[Site "SchemingMind.com"]
[Date "2014.07.14"]
[Round "-"]
[White "John Hamer"]
[Black "rookie31"]
[Result "1/2-1/2"]
[WhiteCountry "ENG"]
[BlackCountry "IND"]
[WhiteElo "2054"]
[WhiteRD "63"]
[BlackElo "2156"]
[BlackRD "62"]
[GameID "361472"]

1. d4 Nf6 2. c4 e6 3. Nc3 d5 4. Nf3 c6 5. e3 Nbd7 6. Qc2 Bd6 7. Bd3 dxc4 8. Bxc4 e5 9. O-O O-O 10. h3 exd4
11. exd4 Nb6 12. Bb3 h6 13. Bxh6 gxh6 14. Qg6+ Kh8 15. Qxh6+ Nh7 16. Ne4 Be7 17. Nf6 Bf5 18. Nh5 Bf6 19. Ng5 Bxd4 20. Nxh7 Bxh7
21. Rae1=
1/2-1/2

[Event "extreme weather chess tournament"]
[Site "SchemingMind.com"]
[Date "2014.07.14"]
[Round "-"]
[White "rookie31"]
[Black "John Hamer"]
[Result "1-0"]
[WhiteCountry "IND"]
[BlackCountry "ENG"]
[WhiteElo "2156"]
[WhiteRD "62"]
[BlackElo "2054"]
[BlackRD "63"]
[GameID "361473"]

1. d4 Nf6 2. c4 g6 3. Nc3 Bg7 4. e4 O-O 5. Nf3 d6 6. h3 e5 7. d5 Nbd7 8. Bg5 a5 9. Be2 Nc5 10. Qc2 h6
11. Be3 Nh5 12. g3 f5 13. Nh4 f4 14. Bxc5 dxc5 15. Nxg6 fxg3 16. Nxf8 gxf2+ 17. Kf1 Ng3+ 18. Kg2 Nxh1 19. Ne6 Bxe6 20. dxe6 Ng3
21. Kxg3 Qg5+ 22. Kh2 Qf4+ 23. Kh1 Qh4 24. Bg4 Rf8 25. Kg2 Qg5 26. Rf1 h5 27. e7 Qxe7 28. Bxh5 Bh6 29. Qe2 Qg7+ 30. Qg4
1-0

[Event "extreme weather chess tournament"]
[Site "SchemingMind.com"]
[Date "2014.07.19"]
[Round "-"]
[White "Hisjazzrabbit"]
[Black "Holty"]
[Result "0-1"]
[WhiteCountry "FRA"]
[BlackCountry "ENG"]
[WhiteElo "1737"]
[WhiteRD "95"]
[BlackElo "1682"]
[BlackRD "62"]
[GameID "361474"]

1. e4 e6 2. d4 d5 3. Nd2 Nf6 4. e5 Nfd7 5. Bd3 c5 6. c3 Nc6 7. Ne2 cxd4 8. cxd4 f6 9. Nf4 Nxd4 10. Qh5+ Ke7
11. exf6+ Nxf6 12. Ng6+ hxg6 13. Qxh8 Kf7 14. O-O Bd7 15. Nb3 Nxb3 16. axb3 Qb6 17. Qh3 e5 18. Qe3 Qxe3 19. fxe3 e4 20. Be2 Bd6
21. Bd2 a6 22. b4 Rh8 23. h3 Ke7 24. Bc3 Bxh3 25. gxh3 Rxh3 26. Kf2 g5 27. Rg1 Kf7 28. Rxg5 Rh2+ 29. Ke1 Rh1+ 30. Bf1 Be7
31. b5 Bc5 32. bxa6 bxa6 33. Bd2 Be7 34. Rxa6 Nd7 35. Rxd5 Bh4+ 36. Ke2 Rh2+ 37. Kd1 Nf6 38. Rf5 Rh1 39. Kc2 Rh2 40. Bc4+ Kg6
41. Rf1 Bg5 42. Kd1 Kh7 43. Rg1 Kh6 44. Ra8 Kg6 45. Ra5 Rh5 46. Be2 Kh6
0-1

[Event "extreme weather chess tournament"]
[Site "SchemingMind.com"]
[Date "2014.07.19"]
[Round "-"]
[White "Holty"]
[Black "Hisjazzrabbit"]
[Result "0-1"]
[WhiteCountry "ENG"]
[BlackCountry "FRA"]
[WhiteElo "1702"]
[WhiteRD "61"]
[BlackElo "1763"]
[BlackRD "92"]
[GameID "361475"]

1. d4 d5 2. Nf3 Nf6 3. e3 c5 4. c3 e6 5. Bd3 Bd6 6. Nbd2 Nc6 7. O-O O-O 8. dxc5 Bxc5 9. e4 e5 10. exd5 Qxd5
11. Nc4 e4 12. Bxe4 Qxe4 13. Nd6 Bxd6 14. Qxd6 Bg4 15. Re1 Rfd8 16. Qf4 Bxf3 17. Qxe4 Bxe4 18. Bg5 Bf5 19. f3 Rd6 20. Bf4 Rd5
21. Rac1 Be6 22. Be3 Rad8 23. b3 Ra5 24. Ra1 Rd3 25. c4 Nb4 26. Rad1 Rxa2 27. Bc5 Rxd1 28. Rxd1 Nc6 29. Bb4 Rb2 30. Bc5 a6
31. b4 Bxc4 32. Bd4 Rxb4 33. Be5 Nd5 34. Bb8 Nxb8 35. Re1 Nd7
0-1

[Event "extreme weather chess tournament"]
[Site "SchemingMind.com"]
[Date "2014.08.08"]
[Round "-"]
[White "lordstripes"]
[Black "poisonpawn1"]
[Result "1-0"]
[WhiteCountry "ENG"]
[BlackCountry "ENG"]
[WhiteElo "2027"]
[WhiteRD "103"]
[BlackElo "1828"]
[BlackRD "75"]
[GameID "362702"]

1. e4 c5 2. Nf3 d6 3. d4 cxd4 4. Nxd4 Nf6 5. Nc3 e6 6. Be2 Nc6 7. Be3 Be7 8. Qd2 O-O 9. O-O-O d5 10. exd5 exd5
11. f3 Be6 12. g4
1-0

[Event "extreme weather chess tournament"]
[Site "SchemingMind.com"]
[Date "2014.08.07"]
[Round "-"]
[White "poisonpawn1"]
[Black "lordstripes"]
[Result "0-1"]
[WhiteCountry "ENG"]
[BlackCountry "ENG"]
[WhiteElo "1828"]
[WhiteRD "75"]
[BlackElo "2027"]
[BlackRD "103"]
[GameID "362703"]

1. c4 c5 2. Nf3 Nc6 3. d4 cxd4 4. Nxd4 Nf6 5. Nc3 e6 6. g3 Qb6 7. Ncb5 Nxd4 8. Qxd4 Qxd4 9. Nxd4 Bb4+ 10. Bd2 Bxd2+
11. Kxd2 a6
0-1

[Event "extreme weather chess tournament"]
[Site "SchemingMind.com"]
[Date "2014.09.08"]
[Round "-"]
[White "Sully7"]
[Black "emvarela"]
[Result "1-0"]
[WhiteCountry "IRL"]
[BlackCountry "ARG"]
[WhiteElo "2175"]
[WhiteRD "80"]
[BlackElo "1686"]
[BlackRD "48"]
[GameID "364038"]

1. Nf3 d5 2. e3 c5 3. b3 Nc6 4. Bb2 e6 5. Be2 Nf6 6. c4 dxc4 7. Bxc4 Bd6 8. Nc3 Nb4 9. O-O Bd7 10. d4 cxd4
11. Qxd4 Bxh2+ 12. Nxh2 Nc2 13. Qd6 Nxa1 14. Nb5 Nd5 15. Qg3 a6 16. Nd6+
1-0

[Event "extreme weather chess tournament"]
[Site "SchemingMind.com"]
[Date "2014.09.07"]
[Round "-"]
[White "emvarela"]
[Black "Sully7"]
[Result "0-1"]
[WhiteCountry "ARG"]
[BlackCountry "IRL"]
[WhiteElo "1700"]
[WhiteRD "51"]
[BlackElo "2177"]
[BlackRD "86"]
[GameID "364039"]

1. e4 b6 2. d4 Bb7 3. Nc3 e6 4. f4 Bb4 5. Bd3 Nf6 6. Ne2 Bxe4 7. Bxe4 Nxe4 8. Bd2 Bxc3 9. Bxc3 d5 10. O-O O-O
11. Qd3 Nd7 12. Ng3 Ndf6 13. Nxe4 dxe4 14. Qg3 Qd5 15. Rfd1 Rad8 16. h3 a5 17. f5 exf5 18. Qe5 Qxe5 19. dxe5 Nd5 20. Kf2 Nxc3
21. bxc3 Rfe8 22. Rd4 g5 23. Rad1 Rc8 24. Rd5 c6 25. Rd7 Rxe5 26. g3 e3+ 27. Ke2 Rc5 28. R1d3 Re8 29. Rb7 f4 30. gxf4 gxf4
31. Rxb6 f3+ 32. Ke1 f2+
0-1

[Event "extreme weather chess tournament"]
[Site "SchemingMind.com"]
[Date "2014.11.08"]
[Round "-"]
[White "lordstripes"]
[Black "Holty"]
[Result "1-0"]
[WhiteCountry "ENG"]
[BlackCountry "ENG"]
[WhiteElo "2035"]
[WhiteRD "110"]
[BlackElo "1705"]
[BlackRD "61"]
[GameID "368379"]

1. e4 e6 2. d4 d5 3. Nc3 Nf6 4. Bg5 dxe4 5. Nxe4 Be7 6. Bxf6 gxf6 7. Nf3 a6 8. Bd3 f5 9. Ng3 c5 10. dxc5 Bxc5
11. O-O Nc6 12. c3 h5 13. Re1 f6 14. Nxf5 Kf7 15. N5h4 Ne7 16. Qc2 Rg8 17. Rad1 Qc7 18. Bc4 Bxf2+ 19. Qxf2 Rg4 20. Ne5+
1-0

[Event "extreme weather chess tournament"]
[Site "SchemingMind.com"]
[Date "2014.11.08"]
[Round "-"]
[White "Holty"]
[Black "lordstripes"]
[Result "1/2-1/2"]
[WhiteCountry "ENG"]
[BlackCountry "ENG"]
[WhiteElo "1698"]
[WhiteRD "61"]
[BlackElo "2008"]
[BlackRD "116"]
[GameID "368380"]

1. d4 Nf6 2. Nf3 e6 3. e3 c5 4. c4 cxd4 5. exd4 d5 6. Nc3 Bb4 7. Bd2 O-O 8. a3 Bxc3 9. bxc3 b6 10. Bd3 Ba6
11. Qe2 Bxc4 12. Bxc4 dxc4 13. Qxc4 h6 14. O-O Nbd7 15. Qe2 Re8 16. h3 Qc7 17. Qd3 Rad8 18. Qc2 e5 19. Nxe5 Nxe5 20. dxe5 Qxe5
21. Rfe1 Qd6 22. Red1 Re2 23. Bf4 Rxc2 24. Bxd6 Rxc3 25. f3 Ne8 26. Bb4 Rxd1+ 27. Rxd1 Rc8 28. Be7 f6 29. Bb4 Rc7 30. Re1 Kf7
31. h4 a5 32. Bd2 Rc2 33. Be3 Ra2 34. Bxb6 Rxa3 35. Bc5 Rc3 36. Re7+ Kg6 37. Bb6 Nd6 38. Bxa5 Rc4 39. g3 Nf5 40. Re2 Nd4
41. Rf2 Rc1+ 42. Kg2 Rc2 43. Rxc2 Nxc2 44. Bc3 Ne3+ 45. Kh3 Kf5 46. Bd2 Nc4 47. Bb4 g5 48. Bc3 Ne5 49. Bxe5 fxe5 50. hxg5 hxg5
51. Kg2 e4 52. Kf2 exf3 53. Kxf3 g4+ 54. Ke3 Ke5 55. Kd3 Kd5 56. Ke3 Ke5 57. Kd3 Kd5 58. Ke3=
1/2-1/2

[Event "extreme weather chess tournament"]
[Site "SchemingMind.com"]
[Date "2014.12.22"]
[Round "-"]
[White "Sully7"]
[Black "rookie31"]
[Result "0-1"]
[WhiteCountry "IRL"]
[BlackCountry "IND"]
[WhiteElo "2132"]
[WhiteRD "86"]
[BlackElo "2177"]
[BlackRD "69"]
[GameID "371572"]

1. Nf3 Nf6 2. b3 g6 3. Bb2 Bg7 4. e4 O-O 5. Bc4 Nxe4 6. Bxg7 Kxg7 7. Qe2 Nf6 8. d4 d5 9. Bd3 Bg4 10. Nbd2 c5
11. h3 Bxf3 12. Nxf3 Qa5+ 13. Qd2 Qxd2+ 14. Nxd2 cxd4 15. Nf3 Nc6 16. O-O e5 17. Bb5 Rae8 18. Bxc6 bxc6 19. b4 Ne4 20. a4 f6
21. g4 Re7 22. Rfe1 Rb8 23. Reb1 Reb7 24. b5 a5 25. Rd1 cxb5 26. axb5 Rxb5 27. Nxd4 exd4 28. Rxd4 Rc8 29. f3 Ng5 30. f4 Nf3+
0-1

[Event "extreme weather chess tournament"]
[Site "SchemingMind.com"]
[Date "2014.12.22"]
[Round "-"]
[White "rookie31"]
[Black "Sully7"]
[Result "1-0"]
[WhiteCountry "IND"]
[BlackCountry "IRL"]
[WhiteElo "2177"]
[WhiteRD "69"]
[BlackElo "2132"]
[BlackRD "86"]
[GameID "371573"]

1. d4 b6 2. c4 Bb7 3. Nc3 e6 4. e4 Bb4 5. Qc2 Bxc3+ 6. bxc3 Qh4 7. d5 d6 8. Nf3 Qe7 9. Bd3 Nf6 10. O-O O-O
11. Nd4 c5 12. Nf3 Nbd7 13. h3 Ne5 14. Nxe5 dxe5 15. f4 exf4 16. Bxf4 e5 17. Bg5 h6 18. Bxf6 gxf6 19. Rf5 Bc8 20. Rh5 f5
21. exf5 f6 22. Rxh6 Qg7 23. Rg6 Qxg6 24. fxg6 Kg7 25. Qa4 Rh8 26. Qc6 Ba6 27. Rf1 Rhf8 28. Qd7+ Kh6 29. Qh7+
1-0

[Event "extreme weather chess tournament"]
[Site "SchemingMind.com"]
[Date "2015.02.05"]
[Round "-"]
[White "rookie31"]
[Black "lordstripes"]
[Result "1-0"]
[WhiteCountry "IND"]
[BlackCountry "ENG"]
[WhiteElo "2150"]
[WhiteRD "70"]
[BlackElo "2002"]
[BlackRD "115"]
[GameID "374195"]

1. d4 Nf6 2. c4 e6 3. Nc3 Bb4 4. Nf3 c5 5. e3 O-O 6. Bd3 d5 7. O-O Nc6 8. a3 Bxc3 9. bxc3 dxc4 10. Bxc4 Qc7
11. h3 Rd8 12. Qc2 cxd4 13. exd4 h6 14. Re1 Ne7 15. Bd3 Ned5 16. Bd2 Nf4 17. Bxf4 Qxf4 18. Ne5 Nd7 19. Re4 Qg5 20. Qe2 Nxe5
21. Rxe5 Qe7 22. Qe4 g6 23. h4 Bd7 24. h5 Bc6 25. Qe3 g5 26. f4 Rd5 27. Qe4 f5 28. Qxf5 Rxe5 29. Qxe5 gxf4 30. Re1 Qg5
31. Qxg5+ hxg5 32. Rxe6 Be8 33. h6
1-0

[Event "extreme weather chess tournament"]
[Site "SchemingMind.com"]
[Date "2015.02.06"]
[Round "-"]
[White "lordstripes"]
[Black "rookie31"]
[Result "1/2-1/2"]
[WhiteCountry "ENG"]
[BlackCountry "IND"]
[WhiteElo "2002"]
[WhiteRD "115"]
[BlackElo "2150"]
[BlackRD "70"]
[GameID "374196"]

1. e4 c6 2. d4 d5 3. Nc3 dxe4 4. Nxe4 Bf5 5. Ng3 Bg6 6. h4 h6 7. Nf3 e6 8. Ne5 Bh7 9. Bd3 Bxd3 10. Qxd3 Nd7
11. f4 Bb4+ 12. c3 Be7 13. Bd2 Ngf6 14. O-O-O O-O 15. Ne4 Nxe5 16. fxe5 Nxe4 17. Qxe4 Qd5 18. Qxd5 cxd5 19. g4 Rac8 20. g5 h5
21. a3 Kh7 22. Rde1 Kg6 23. Rhf1 a5 24. a4 Rb8 25. b3 Rfc8 26. Re3 Rc7 27. Ref3 Rf8 28. Kc2 Rc6 29. Kb2 Rc7 30. Ka2 b6
31. Bc1 Rc6 32. Ba3 Bxa3 33. Kxa3 Rc7 34. Kb2 Rb8 35. Ka3 Rf8 36. Kb2=
1/2-1/2